[Event "POL-chT 2nd League"]
[Site "Jastrzebia Gora"]
[Date "2022.09.07"]
[Round "5.77"]
[White "Skawinski, Szymon"]
[Black "Wypych, Dominik"]
[Result "1/2-1/2"]
[WhiteElo "1641"]
[BlackElo "1997"]
[PlyCount "144"]
[EventDate "2022.09.03"]
[EventType "team-swiss"]
[EventRounds "9"]
[EventCountry "POL"]
[SourceTitle "CBM 210 Extra"]
[Source "ChessBase"]
[SourceDate "2022.11.30"]
[SourceVersion "1"]
[SourceVersionDate "2022.11.30"]
[SourceQuality "1"]
[WhiteTeam "Skarzysko Kamienna"]
[BlackTeam "Plock Hetman"]
[WhiteTeamCountry "POL"]
[BlackTeamCountry "POL"]

1. e4 e6 2. d4 d5 3. e5 c5 4. c3 Nc6 5. Nf3 Bd7 6. Be2 cxd4 7. cxd4 Nge7 8. Na3 Nf5 9. Nc2 Qb6 10. 0-0 Rc8 11. g4 Nfe7 12. Ne3 h5 13. g5 g6 14. h4 Nf5 15. Nxf5 exf5 16. a3 Nd8 17. b4 Ne6 18. Qb3 Bb5 19. Bxb5+ Qxb5 20. Be3 Be7 21. Rfc1 0-0 22. Rc3 Rxc3 23. Qxc3 Qd7 24. Rc1 Bd8 25. Bd2 Bb6 26. Kg2 Rd8 27. Qd3 a6 28. Kg3 Rc8 29. Rxc8+ Qxc8 30. a4 Qc6 31. b5 axb5 32. axb5 Qd7 33. Bf4 Kg7 34. Be3 Qc8 35. Nd2 f4+ 36. Bxf4 Nxf4 37. Kxf4 Qg4+ 38. Ke3 Qxh4 39. Nf3 Qg4 40. Kd2 h4 41. Qe3 h3 42. Kc3 Bd8 43. Kb4 Bb6 44. Kc3 Qf5 45. Nh2 Qb1 46. Kd2 Ba5+ 47. Ke2 Qxb5+ 48. Kf3 Qd7 49. Kg3 Qc8 50. Ng4 Qc3 51. Kxh3 b5 52. Kg2 Qxe3 53. Nxe3 b4 54. Kf3 b3 55. Nd1 Bd2 56. Ke2 Bc1 57. Kd3 Bxg5 58. Kc3 f6 59. Kxb3 fxe5 60. dxe5 Bf4 61. Nc3 d4 62. Ne2 Bxe5 63. Kc4 Kf6 64. Nxd4 Kg5 65. Nf3+ Kf4 66. Nxe5 Kxe5 67. Kd3 Kf4 68. Ke2 g5 69. Kf1 Kf3 70. Kg1 g4 71. Kf1 g3 72. fxg3 Kxg3 1/2-1/2

[Event "POL-chT 2nd League"]
[Site "Jastrzebia Gora"]
[Date "2022.09.06"]
[Round "4.40"]
[White "Wypych, Dominik"]
[Black "Kanarkiewicz, Michal"]
[Result "1/2-1/2"]
[WhiteElo "1997"]
[BlackElo "2084"]
[PlyCount "57"]
[EventDate "2022.09.03"]
[EventType "team-swiss"]
[EventRounds "9"]
[EventCountry "POL"]
[SourceTitle "CBM 210 Extra"]
[Source "ChessBase"]
[SourceDate "2022.11.30"]
[SourceVersion "1"]
[SourceVersionDate "2022.11.30"]
[SourceQuality "1"]
[WhiteTeam "Plock Hetman"]
[BlackTeam "Debica Gryf"]
[WhiteTeamCountry "POL"]
[BlackTeamCountry "POL"]

1. d4 g6 2. c4 Bg7 3. e4 d6 4. Nc3 Nc6 5. Nge2 e5 6. d5 Nce7 7. g3 f5 8. Bg2 Nf6 9. h3 0-0 10. f3 c6 11. Be3 cxd5 12. cxd5 Bd7 13. a4 Nh5 14. g4 fxe4 15. fxe4 Nf4 16. 0-0 g5 17. Ng3 Neg6 18. Rf2 Nxg2 19. Kxg2 Rxf2+ 20. Bxf2 Nf4+ 21. Kh2 Qa5 22. Qb3 Qa6 23. Nb5 Rc8 24. Rd1 Bf8 25. Be3 Qa5 26. Bd2 Qb6 27. Be3 Qa5 28. Bd2 Qb6 29. Be3 1/2-1/2

[Event "POL-chT 2nd League"]
[Site "Jastrzebia Gora"]
[Date "2022.09.04"]
[Round "2.35"]
[White "Kindler, Przemyslaw"]
[Black "Wypych, Dominik"]
[Result "1-0"]
[WhiteElo "1969"]
[BlackElo "1997"]
[PlyCount "57"]
[EventDate "2022.09.03"]
[EventType "team-swiss"]
[EventRounds "9"]
[EventCountry "POL"]
[SourceTitle "CBM 210 Extra"]
[Source "ChessBase"]
[SourceDate "2022.11.30"]
[SourceVersion "1"]
[SourceVersionDate "2022.11.30"]
[SourceQuality "1"]
[WhiteTeam "Gdansk Korona"]
[BlackTeam "Plock Hetman"]
[WhiteTeamCountry "POL"]
[BlackTeamCountry "POL"]

1. e4 c6 2. d4 d5 3. Nc3 dxe4 4. Nxe4 Nf6 5. Ng3 e5 6. Qe2 Qxd4 7. Nf3 Bb4+ 8. c3 Bxc3+ 9. bxc3 Qxc3+ 10. Qd2 Qxa1 11. Bc4 Nd5 12. Bxd5 cxd5 13. 0-0 Qb1 14. Ba3 Qb6 15. Nxe5 f6 16. Qxd5 Be6 17. Qf3 fxe5 18. Qh5+ g6 19. Qxe5 Rg8 20. Ne4 Nd7 21. Nd6+ Kd8 22. Qxe6 Rf8 23. Nf7+ Rxf7 24. Qxf7 Rc8 25. Be7+ Kc7 26. Qf4+ Kc6 27. Qd6+ Kb5 28. Rb1+ Ka5 29. Qa3# 1-0

[Event "Mazowiec-chT op 1819"]
[Site "Warsaw"]
[Date "2018.12.09"]
[Round "4.18"]
[White "Kosiorek, Przemyslaw"]
[Black "Wypych, Dominik"]
[Result "0-1"]
[WhiteElo "1965"]
[BlackElo "2091"]
[PlyCount "72"]
[EventDate "2018.12.02"]
[EventType "team-swiss"]
[EventRounds "10"]
[EventCountry "POL"]
[SourceTitle "EXT 2020"]
[Source "ChessBase"]
[SourceDate "2019.10.17"]
[SourceVersion "1"]
[SourceVersionDate "2019.10.17"]
[SourceQuality "1"]

1. e4 c6 2. d4 d5 3. Nc3 dxe4 4. Nxe4 Bf5 5. Ng3 Bg6 6. Nf3 Nd7 7. h4 h6 8. h5 Bh7 9. Bd3 Bxd3 10. Qxd3 Ngf6 11. Bd2 e6 12. 0-0-0 Bd6 13. Ne4 Nxe4 14. Qxe4 Nf6 15. Qd3 Qc7 16. g3 0-0-0 17. c4 c5 18. Qe2 a6 19. Bc3 cxd4 20. Nxd4 Be7 21. Kb1 Rd7 22. Rc1 Qc5 23. b4 Qg5 24. Rh4 Bd6 25. Rc2 Rhd8 26. Nb3 Qf5 27. c5 Be7 28. Nd4 Qh7 29. c6 Rd6 30. Kb2 Nd5 31. Rf4 Nxf4 32. cxb7+ Kxb7 33. Qf3+ Nd5 34. Qxf7 Rf8 35. Qg6 Qxg6 36. hxg6 Nxc3 0-1

[Event "Mazowiec-chT op 1819"]
[Site "Warsaw"]
[Date "2018.12.02"]
[Round "2.22"]
[White "Wrzodak, Jaroslaw"]
[Black "Wypych, Dominik"]
[Result "0-1"]
[WhiteElo "1339"]
[BlackElo "2091"]
[PlyCount "92"]
[EventDate "2018.12.02"]
[EventType "team-swiss"]
[EventRounds "10"]
[EventCountry "POL"]
[SourceTitle "EXT 2020"]
[Source "ChessBase"]
[SourceDate "2019.10.17"]
[SourceVersion "1"]
[SourceVersionDate "2019.10.17"]
[SourceQuality "1"]

1. e4 e6 2. d4 d5 3. e5 c5 4. c3 Nc6 5. Nf3 Bd7 6. Be2 cxd4 7. cxd4 Nge7 8. 0-0 Nf5 9. Nc3 a6 10. a3 Qb6 11. Na4 Qa7 12. Be3 b5 13. Nc5 Bxc5 14. dxc5 Nxe3 15. fxe3 Qxc5 16. Qd3 0-0 17. Rac1 Qe7 18. e4 d4 19. Nxd4 Nxe5 20. Qg3 f6 21. b4 Rfc8 22. Nb3 Bc6 23. Nc5 Nd7 24. Nxd7 Bxd7 25. e5 f5 26. Qb3 Bc6 27. Rxc6 Rxc6 28. Bf3 Qa7+ 29. Kh1 Rc4 30. Bxa8 Qxa8 31. Qd3 Qc6 32. Rd1 Rc1 33. h3 Rxd1+ 34. Qxd1 Qd5 35. Qe2 Qd4 36. Kh2 h6 37. g4 fxg4 38. hxg4 Qc3 39. a4 Qxb4 40. axb5 axb5 41. Kh3 Qc4 42. Qf3 b4 43. Kh4 Qd5 44. Qe3 b3 45. Kh5 Qh1+ 46. Kg6 b2 0-1

[Event "POL-chT 1st League"]
[Site "Pokrzywna"]
[Date "2018.09.04"]
[Round "4.5"]
[White "Wypych, Dominik"]
[Black "Polok, Kacper"]
[Result "0-1"]
[WhiteElo "2096"]
[BlackElo "2295"]
[PlyCount "62"]
[EventDate "2018.09.01"]
[EventType "team-tourn"]
[EventRounds "9"]
[EventCountry "POL"]
[SourceTitle "CBM 186 Extra"]
[Source "ChessBase"]
[SourceDate "2018.08.24"]
[SourceVersion "1"]
[SourceVersionDate "2018.08.24"]
[SourceQuality "1"]
[WhiteTeam "Gostynin Gostmat 83"]
[BlackTeam "Raciborz Silesia"]
[WhiteTeamCountry "POL"]
[BlackTeamCountry "POL"]

1. d4 Nf6 2. c4 c5 3. Nf3 cxd4 4. Nxd4 e5 5. Nb5 d6 6. N1c3 a6 7. Na3 b5 8. Nd5 Be6 9. Bg5 bxc4 10. Nxc4 Nbd7 11. e4 Bxd5 12. exd5 Be7 13. Be2 0-0 14. 0-0 Nb6 15. Bxf6 Bxf6 16. Rc1 Bg5 17. Rc2 Rc8 18. Qd3 Nxc4 19. Rxc4 Rxc4 20. Qxc4 a5 21. b4 Bd2 22. b5 Bb4 23. Qc6 Bc5 24. Qa6 f5 25. Rc1 Kh8 26. Bf1 h6 27. Rc4 e4 28. Ra4 e3 29. Rxa5 Qh4 30. g3 Qe4 31. h3 e2 0-1

[Event "Mazowiec-chT op 1718"]
[Site "Warsaw"]
[Date "2017.12.03"]
[Round "2.5"]
[White "Wrzodak, Jaroslaw"]
[Black "Wypych, Dominik"]
[Result "0-1"]
[WhiteElo "1283"]
[BlackElo "2116"]
[PlyCount "86"]
[EventDate "2017.12.03"]
[EventType "team-swiss"]
[EventRounds "10"]
[EventCountry "POL"]
[SourceTitle "EXT 2020"]
[Source "ChessBase"]
[SourceDate "2019.10.17"]
[SourceVersion "1"]
[SourceVersionDate "2019.10.17"]
[SourceQuality "1"]

1. e4 c6 2. d4 d5 3. Nc3 dxe4 4. Nxe4 Bf5 5. Ng3 Bg6 6. Nf3 Nd7 7. Bd2 e6 8. Bc3 Ngf6 9. Bd3 Bxd3 10. Qxd3 Qb6 11. 0-0-0 Be7 12. h3 Nd5 13. Ne5 Nxe5 14. dxe5 Qxf2 15. Bd4 Qf4+ 16. Kb1 0-0 17. Rdf1 Qh4 18. Ne4 b6 19. a3 Rad8 20. g3 Qh6 21. Qf3 c5 22. Bc3 Qe3 23. Qg4 Nxc3+ 24. bxc3 Qh6 25. Qe2 Rd5 26. Qa6 Rxe5 27. Qxa7 Rxe4 28. Qxe7 Re2 29. Rc1 Qf6 30. Qxf6 gxf6 31. Rcd1 Re3 32. Rd3 Rxd3 33. cxd3 Kg7 34. Kc2 f5 35. Kb3 Ra8 36. Ra1 b5 37. d4 cxd4 38. cxd4 Ra4 39. Rd1 Kf8 40. d5 e5 41. d6 Rd4 42. Rxd4 exd4 43. Kb4 Ke8 0-1

[Event "POL-ch rapid"]
[Site "Zgierz"]
[Date "2017.01.08"]
[Round "2"]
[White "Gajewski, Grzegorz"]
[Black "Wypych, Dominik"]
[Result "1-0"]
[WhiteElo "2613"]
[BlackElo "2120"]
[PlyCount "39"]
[EventDate "2017.01.08"]
[EventType "swiss (rapid)"]
[EventRounds "9"]
[EventCountry "POL"]
[SourceTitle "CBM 176 Extra"]
[Source "ChessBase"]
[SourceDate "2017.03.02"]
[SourceVersion "1"]
[SourceVersionDate "2017.03.02"]
[SourceQuality "1"]

1. Nf3 g6 2. d4 Bg7 3. g3 c5 4. c3 cxd4 5. cxd4 Nf6 6. Nc3 0-0 7. Bg2 d6 8. 0-0 Nbd7 9. b3 Qa5 10. Bb2 e5 11. dxe5 dxe5 12. Nd2 Nb6 13. a3 Qc5 14. a4 Rd8 15. a5 Nbd5 16. Nxd5 Nxd5 17. Ne4 Qe7 18. Ba3 Qe6 19. Nc5 Qc6 20. e4 1-0

[Event "POL-chT1"]
[Site "Mrzezyno"]
[Date "2011.09.09"]
[Round "7"]
[White "Sabuk, Piotr"]
[Black "Wypych, Dominik"]
[Result "0-1"]
[WhiteElo "2199"]
[BlackElo "2097"]
[PlyCount "108"]
[EventDate "2011.09.03"]
[EventType "team-tourn"]
[EventRounds "9"]
[EventCountry "POL"]
[SourceTitle "CBM 144 Extra"]
[Source "ChessBase"]
[SourceDate "2011.10.28"]
[SourceVersion "1"]
[SourceVersionDate "2011.10.28"]
[SourceQuality "1"]
[WhiteTeam "Legnica Miedz"]
[BlackTeam "Gostynin Gostmat 83 "]
[WhiteTeamCountry "POL"]
[BlackTeamCountry "POL"]

1. e4 e6 2. d4 d5 3. Nd2 c5 4. exd5 exd5 5. Ngf3 Nc6 6. Bb5 Bd6 7. dxc5 Bxc5 8. Nb3 Bd6 9. 0-0 Nge7 10. Bg5 0-0 11. Re1 Qc7 12. Bh4 Bg4 13. Bg3 Rad8 14. c3 Bf4 15. Be2 Nf5 16. Qd3 Bxg3 17. hxg3 Qb6 18. Rad1 Nxg3 19. Nbd4 Nxe2+ 20. Rxe2 Nxd4 21. Qxd4 Qxd4 22. Rxd4 Bxf3 23. gxf3 Rd7 24. Red2 Rfd8 25. c4 Kf8 26. cxd5 Ke7 27. b4 Kd6 28. Kg2 Rc8 29. Rh4 h6 30. Rg4 g6 31. Kg3 Re7 32. Rh4 Rh8 33. Rc4 Re5 34. Rc5 a6 35. Rc4 Rhe8 36. Rf4 f5 37. Rh4 h5 38. Kf4 Rxd5 39. Rxd5+ Kxd5 40. Kg5 Re6 41. Rh1 Kc4 42. Rb1 Rb6 43. a3 Re6 44. a4 b5 45. axb5 axb5 46. f4 Kc3 47. f3 Rd6 48. Kh6 h4 49. Kg5 h3 50. Rh1 Kxb4 51. Rxh3 Kc3 52. Rh8 b4 53. Rb8 Rc6 54. Rb7 b3 0-1

[Event "POL-chT1"]
[Site "Mrzezyno"]
[Date "2011.09.07"]
[Round "5"]
[White "Betkowski, Andrzej"]
[Black "Wypych, Dominik"]
[Result "1/2-1/2"]
[WhiteElo "2185"]
[BlackElo "2097"]
[PlyCount "91"]
[EventDate "2011.09.03"]
[EventType "team-tourn"]
[EventRounds "9"]
[EventCountry "POL"]
[SourceTitle "CBM 144 Extra"]
[Source "ChessBase"]
[SourceDate "2011.10.28"]
[SourceVersion "1"]
[SourceVersionDate "2011.10.28"]
[SourceQuality "1"]
[WhiteTeam "Krakow TKKF Drogowiec"]
[BlackTeam "Gostynin Gostmat 83 "]
[WhiteTeamCountry "POL"]
[BlackTeamCountry "POL"]

1. d4 Nf6 2. Bg5 d5 3. e3 c5 4. Nf3 Qb6 5. Qc1 Nc6 6. c3 h6 7. Bf4 Bf5 8. Be2 e6 9. Nbd2 Rc8 10. a4 Be7 11. 0-0 0-0 12. Ne5 cxd4 13. Nxc6 bxc6 14. exd4 c5 15. Nf3 Rfe8 16. h3 Bh7 17. Be5 Nd7 18. Bg3 cxd4 19. Nxd4 Nc5 20. Rd1 a6 21. a5 Qb7 22. f4 Bf6 23. Ra2 Ne4 24. Bf2 Nxf2 25. Kxf2 e5 26. fxe5 Bg5 27. Qa1 Rxe5 28. Bd3 Be3+ 29. Kf1 Be4 30. Bxe4 Rxe4 31. b4 Qc7 32. Rd3 Qc4 33. Qb1 Bxd4 34. cxd4 Rxd4 35. Rad2 Re8 36. Kg1 Rxd3 37. Qxd3 Re1+ 38. Kf2 Rc1 39. Qxc4 dxc4 40. Rd8+ Kh7 41. Rc8 c3 42. Ke2 Rb1 43. Rxc3 Rxb4 44. Rc6 Ra4 45. Rxa6 Ra3 46. Kf2 1/2-1/2

[Event "POL-chT1"]
[Site "Mrzezyno"]
[Date "2011.09.05"]
[Round "3"]
[White "Wlodarczyk, Oskar"]
[Black "Wypych, Dominik"]
[Result "1-0"]
[WhiteElo "2274"]
[BlackElo "2097"]
[PlyCount "55"]
[EventDate "2011.09.03"]
[EventType "team-tourn"]
[EventRounds "9"]
[EventCountry "POL"]
[SourceTitle "CBM 144 Extra"]
[Source "ChessBase"]
[SourceDate "2011.10.28"]
[SourceVersion "1"]
[SourceVersionDate "2011.10.28"]
[SourceQuality "1"]
[WhiteTeam "Ostrow Wielkopolski"]
[BlackTeam "Gostynin Gostmat 83 "]
[WhiteTeamCountry "POL"]
[BlackTeamCountry "POL"]

1. e4 e6 2. d4 d5 3. Nc3 Nf6 4. e5 Nfd7 5. f4 c5 6. Nf3 Nc6 7. Be3 a6 8. Qd2 b5 9. dxc5 Bxc5 10. Bxc5 Nxc5 11. Nd4 Bb7 12. Nce2 Ne4 13. Qe3 Qb6 14. g3 Rc8 15. Bg2 Nxd4 16. Nxd4 0-0 17. 0-0 Rc4 18. Rad1 Qc5 19. Rd3 Qb4 20. b3 Rc7 21. f5 exf5 22. Nxf5 Rxc2 23. Rd4 Qc3 24. Rxe4 dxe4 25. Qg5 g6 26. Ne7+ Kg7 27. Qf6+ Kh6 28. Nf5+ 1-0

[Event "POL-chT 2st League"]
[Site "Mrzezyno"]
[Date "2010.09.07"]
[Round "4.11"]
[White "Migala, Andrzej"]
[Black "Wypych, Dominik"]
[Result "1/2-1/2"]
[WhiteElo "2116"]
[BlackElo "2087"]
[PlyCount "61"]
[EventDate "2010.09.04"]
[EventType "team-swiss"]
[EventRounds "9"]
[EventCountry "POL"]
[SourceTitle "EXT 2019"]
[Source "ChessBase"]
[SourceDate "2018.10.10"]
[SourceVersion "1"]
[SourceVersionDate "2018.10.10"]
[SourceQuality "1"]
[WhiteTeam "Ostroda Ostrodzianka"]
[BlackTeam "Gostynin Gostmat 83"]
[WhiteTeamCountry "POL"]
[BlackTeamCountry "POL"]

1. e4 e6 2. d4 d5 3. e5 c5 4. c3 Qb6 5. Nf3 Bd7 6. a3 cxd4 7. cxd4 Bb5 8. Bxb5+ Qxb5 9. Nc3 Qa6 10. Ne2 Bb4+ 11. Bd2 Bxd2+ 12. Qxd2 Nd7 13. 0-0 Ne7 14. Nf4 0-0 15. Rfc1 Rac8 16. Nd3 Nc6 17. b4 b6 18. Rc3 Ne7 19. Rac1 Rxc3 20. Rxc3 Rc8 21. Nb2 b5 22. Nd3 Rxc3 23. Qxc3 Qc8 24. Qxc8+ Nxc8 25. Nfe1 Ncb6 26. Nc2 Nc4 27. f3 Kf8 28. Kf2 Ke7 29. Ke2 Kd8 30. g3 Ndb6 31. Nc5 1/2-1/2

[Event "POL-chT 2nd League"]
[Site "Miedzyzdroje"]
[Date "2009.09.18"]
[Round "7"]
[White "Wypych, Dominik"]
[Black "Kos, Pawel"]
[Result "1/2-1/2"]
[WhiteElo "2070"]
[BlackElo "2234"]
[PlyCount "90"]
[EventDate "2009.09.12"]
[EventType "team-swiss"]
[EventRounds "9"]
[EventCountry "POL"]
[SourceTitle "EXT 2019"]
[Source "ChessBase"]
[SourceDate "2018.10.10"]
[SourceVersion "1"]
[SourceVersionDate "2018.10.10"]
[SourceQuality "1"]
[WhiteTeam "Gostynin Gostmat 83"]
[BlackTeam "Pultusk Nadnarwianka"]
[WhiteTeamCountry "POL"]
[BlackTeamCountry "POL"]

1. d4 Nf6 2. c4 g6 3. Nc3 d5 4. cxd5 Nxd5 5. e4 Nxc3 6. bxc3 Bg7 7. Bc4 c5 8. Ne2 0-0 9. 0-0 Nc6 10. Be3 Bg4 11. f3 Na5 12. Bd3 cxd4 13. cxd4 Be6 14. d5 Bxa1 15. Qxa1 f6 16. Qd4 Bf7 17. Bh6 Re8 18. Bb5 e5 19. Qf2 Re7 20. f4 Qb6 21. Qxb6 axb6 22. fxe5 Rxe5 23. Ng3 f5 24. Bf4 Rxe4 25. Nxe4 fxe4 26. Rd1 Rd8 27. d6 Nc6 28. a4 Bb3 29. Rd2 Kf7 30. Bg5 Rd7 31. Kf2 Ke6 32. Be7 Ke5 33. Ke3 Be6 34. Bh4 Bd5 35. Bg3+ Ke6 36. h3 Rd8 37. Rc2 h6 38. Rc1 Ne5 39. Kd4 Nc6+ 40. Ke3 Ne5 41. Bxe5 Kxe5 42. d7 Kd6 43. Rc8 Ke7 44. Rc7 Kd6 45. Rc8 Ke7 1/2-1/2

[Event "Kreznica Jara-ch"]
[Site "Kreznica Jara"]
[Date "2009.02.15"]
[Round "4.3"]
[White "Wypych, Dominik"]
[Black "Flak, Pawel"]
[Result "1-0"]
[WhiteElo "2059"]
[BlackElo "2155"]
[PlyCount "51"]
[EventDate "2009.02.13"]
[EventType "swiss"]
[EventRounds "5"]
[EventCountry "POL"]
[SourceTitle "EXT 2023"]
[Source "ChessBase"]
[SourceDate "2022.10.05"]
[SourceVersion "1"]
[SourceVersionDate "2022.10.05"]
[SourceQuality "1"]

1. d4 b6 2. Nf3 Bb7 3. g3 d6 4. Bg2 Nd7 5. 0-0 e5 6. c4 e4 7. Ng5 Qe7 8. Nc3 f5 9. Nd5 Bxd5 10. cxd5 Rc8 11. Qa4 h6 12. Qa6 hxg5 13. Qxc8+ Kf7 14. Bxg5 Qxg5 15. Qxd7+ Be7 16. Rac1 Rh6 17. Rxc7 e3 18. fxe3 Qxe3+ 19. Rf2 Rf6 20. Rc8 Kg6 21. Qe8+ Rf7 22. Qxg8 f4 23. Bf3 fxg3 24. hxg3 Rf6 25. Qh8 Qg5 26. Kg2 1-0

[Event "Kreznica Jara-ch"]
[Site "Kreznica Jara"]
[Date "2009.02.14"]
[Round "2.1"]
[White "Wypych, Dominik"]
[Black "Fraczek, Dariusz"]
[Result "0-1"]
[WhiteElo "2059"]
[BlackElo "2270"]
[PlyCount "90"]
[EventDate "2009.02.13"]
[EventType "swiss"]
[EventRounds "5"]
[EventCountry "POL"]
[SourceTitle "EXT 2023"]
[Source "ChessBase"]
[SourceDate "2022.10.05"]
[SourceVersion "1"]
[SourceVersionDate "2022.10.05"]
[SourceQuality "1"]

1. d4 e6 2. c4 d5 3. Nf3 Nf6 4. g3 c5 5. Bg2 Nc6 6. cxd5 exd5 7. 0-0 Be7 8. dxc5 Bxc5 9. Qc2 Bb6 10. Nc3 0-0 11. Bg5 Be6 12. Rad1 h6 13. Bf4 Qe7 14. Na4 Nb4 15. Qb3 d4 16. Qa3 Rfe8 17. Bd2 Nfd5 18. Rc1 a5 19. b3 Ba7 20. Nb2 Bc5 21. Na4 Bd6 22. Nxd4 Nd3 23. Qxd6 Qxd6 24. exd3 Rec8 25. Rc4 Bd7 26. Bxd5 Qxd5 27. Nb6 Qd6 28. Nxc8 Bxc8 29. Be3 Bh3 30. Rfc1 Re8 31. Re1 Qd5 32. f3 b5 33. Rcc1 Rxe3 34. Rxe3 Qxd4 35. Rce1 Bf5 36. Kg2 Bxd3 37. Re8+ Kh7 38. R8e7 Bf5 39. R7e2 Be6 40. Rc2 Bd5 41. Rf2 g5 42. h3 h5 43. Kg1 h4 44. gxh4 gxh4 45. Kg2 Qf4 0-1

[Event "POL-chT 2nd League"]
[Site "Ustron"]
[Date "2008.09.08"]
[Round "3.52"]
[White "Sliwerski, Radoslaw"]
[Black "Wypych, Dominik"]
[Result "1-0"]
[WhiteElo "2165"]
[BlackElo "2085"]
[PlyCount "63"]
[EventDate "2008.09.06"]
[EventType "team-swiss"]
[EventRounds "9"]
[EventCountry "POL"]
[SourceTitle "EXT 2015"]
[Source "ChessBase"]
[SourceDate "2014.11.20"]
[SourceVersion "1"]
[SourceVersionDate "2014.11.20"]
[SourceQuality "1"]
[WhiteTeam "Miedzyborow Wrzos"]
[BlackTeam "Gostynin Gostmat 83"]
[WhiteTeamCountry "POL"]
[BlackTeamCountry "POL"]

1. d4 Nf6 2. c4 g6 3. g3 Bg7 4. Bg2 d6 5. Nf3 0-0 6. Nc3 Nc6 7. 0-0 Bd7 8. h3 e5 9. d5 Ne7 10. e4 Ne8 11. Ne1 f5 12. Nd3 Nf6 13. Kh2 fxe4 14. Nxe4 Nxe4 15. Bxe4 Nf5 16. b4 a5 17. Bd2 axb4 18. Bxb4 Ba4 19. Qc1 Bh6 20. Bd2 Bxd2 21. Qxd2 b6 22. f4 exf4 23. Nxf4 Bd7 24. Ne6 Bxe6 25. dxe6 Ra5 26. Bd5 Ne7 27. Rf7 Nxd5 28. Rxf8+ Qxf8 29. cxd5 Qf3 30. e7 Kf7 31. Re1 Ke8 32. Qb2 1-0

[Event "Warsaw Najdorf Memorial op-A"]
[Site "Warsaw"]
[Date "2008.08.10"]
[Round "9"]
[White "Wypych, Dominik"]
[Black "Solnicki, Michal"]
[Result "1-0"]
[WhiteElo "2085"]
[BlackElo "2010"]
[PlyCount "57"]
[EventDate "2008.08.02"]
[EventType "swiss"]
[EventRounds "9"]
[EventCountry "POL"]
[SourceTitle "CBM 125 Extra"]
[Source "ChessBase"]
[SourceDate "2008.09.01"]
[SourceVersion "1"]
[SourceVersionDate "2008.09.01"]
[SourceQuality "1"]

1. d4 Nf6 2. c4 g6 3. Nc3 Bg7 4. e4 d6 5. Be2 0-0 6. Bg5 h6 7. Be3 Nbd7 8. Qd2 Kh7 9. g4 c5 10. d5 b5 11. cxb5 a6 12. g5 Ne8 13. gxh6 Bf6 14. f4 Qa5 15. bxa6 Rb8 16. Rc1 Bxa6 17. Nf3 Bxe2 18. Qxe2 Nc7 19. 0-0 Nb5 20. Nxb5 Rxb5 21. b3 Rb4 22. Rc2 Qa3 23. Bd2 Rb7 24. e5 Bh8 25. Ng5+ Kg8 26. h7+ Kg7 27. exd6 exd6 28. Bc3+ Kh6 29. Bxh8 1-0

[Event "Warsaw Najdorf Memorial op-A"]
[Site "Warsaw"]
[Date "2008.08.09"]
[Round "8"]
[White "Wypych, Dominik"]
[Black "Sosnowska, Elzbieta"]
[Result "0-1"]
[WhiteElo "2085"]
[BlackElo "2008"]
[PlyCount "87"]
[EventDate "2008.08.02"]
[EventType "swiss"]
[EventRounds "9"]
[EventCountry "POL"]
[SourceTitle "CBM 125 Extra"]
[Source "ChessBase"]
[SourceDate "2008.09.01"]
[SourceVersion "1"]
[SourceVersionDate "2008.09.01"]
[SourceQuality "1"]

1. d4 d5 2. c4 e6 3. g3 Bb4+ 4. Bd2 Be7 5. Bg2 Nf6 6. Bc3 0-0 7. Nd2 b6 8. e4 Bb7 9. Qc2 dxe4 10. Nxe4 Nxe4 11. Bxe4 Bxe4 12. Qxe4 Nd7 13. Nf3 Bf6 14. 0-0 c5 15. Rfd1 Qc7 16. Ne5 Rad8 17. Nc6 Rde8 18. b4 cxd4 19. Bxd4 Bxd4 20. Rxd4 Nf6 21. Qg2 e5 22. Rd2 a5 23. b5 e4 24. Qh3 e3 25. fxe3 Rxe3 26. Rad1 Rfe8 27. Qf5 R3e6 28. Rd8 Kf8 29. a4 g6 30. Qd3 Kg7 31. Rxe8 Rxe8 32. Qd4 Re4 33. Qc3 Qc8 34. Rf1 Qe6 35. c5 bxc5 36. Qxc5 Rxa4 37. Qc3 Rc4 38. Qb2 a4 39. Na5 Qb6+ 40. Kg2 Rc5 41. Rb1 Qxa5 42. b6 a3 43. Qb4 Rc2+ 44. Kh1 0-1

[Event "Wloclawek Weekend Classic 2nd"]
[Site "Wloclawek"]
[Date "2007.03.23"]
[Round "2"]
[White "Zolnierowicz, Krzysztof"]
[Black "Wypych, Dominik"]
[Result "1-0"]
[WhiteElo "2249"]
[BlackElo "2063"]
[PlyCount "67"]
[EventDate "2007.03.23"]
[EventType "swiss"]
[EventRounds "5"]
[EventCountry "POL"]
[SourceTitle "EXT 2008"]
[Source "ChessBase"]
[SourceDate "2007.11.25"]
[SourceVersion "1"]
[SourceVersionDate "2007.11.25"]
[SourceQuality "1"]

1. e4 e6 2. d4 d5 3. exd5 exd5 4. c4 c6 5. Nf3 Nf6 6. Nc3 Nbd7 7. cxd5 Nxd5 8. Bd3 N7f6 9. Ne5 Be7 10. 0-0 0-0 11. Re1 Be6 12. Bg5 Qd6 13. Qf3 Rad8 14. Rad1 Nxc3 15. bxc3 Qd5 16. Qg3 Nh5 17. Bxh7+ Kxh7 18. Qd3+ Bf5 19. Qxf5+ g6 20. Qg4 Bxg5 21. Qxg5 Rde8 22. g4 Ng7 23. Rd3 Rh8 24. Rh3+ Kg8 25. Rxh8+ Kxh8 26. Re3 Kg8 27. Rh3 Rxe5 28. Qxe5 Qxe5 29. dxe5 Ne6 30. Rd3 Nc5 31. Rd8+ Kg7 32. h4 a6 33. Kg2 Na4 34. f4 1-0

[Event "Gdansk-ch 8th"]
[Site "Gdansk"]
[Date "2006.07.30"]
[Round "9"]
[White "Wypych, Dominik"]
[Black "Guzik, Jolanta"]
[Result "1/2-1/2"]
[WhiteElo "2052"]
[BlackElo "2103"]
[PlyCount "25"]
[EventDate "2006.07.23"]
[EventType "swiss"]
[EventRounds "9"]
[EventCountry "POL"]
[SourceTitle "EXT 2008"]
[Source "ChessBase"]
[SourceDate "2007.11.25"]
[SourceVersion "1"]
[SourceVersionDate "2007.11.25"]
[SourceQuality "1"]

1. d4 d5 2. c4 e6 3. Nc3 c6 4. e4 dxe4 5. Nxe4 Bb4+ 6. Nc3 Nf6 7. a3 Bd6 8. Bg5 Nbd7 9. Nf3 Qc7 10. Bd3 b6 11. b4 e5 12. c5 Be7 13. 0-0 1/2-1/2